Statistics for British Activity-Oriented Shows

Click here to take the quiz!

General Stats

  • This quiz has been taken 34 times
  • The average score is 3 of 8

Answer Stats

HostProgramme% Correct
Dale WintonDale's Supermarket Sweep
73%
Ed Tudor-PoleThe Crystal Maze
64%
Philip SchofieldThe Cube
55%
Ben ShephardThe Krypton Factor
45%
Ian Wright & Caroline FlackGladiator
36%
Keith Chegwin & Lucy AlexanderIt's A Knockout
27%
Dale WintonPets Win Prizes
18%
Dermot MurnaghanTreasure Hunt
9%

Score Distribution

Percentile by Number Answered

Percent of People with Each Score

Your Score History

You have not taken this quiz